000 00781 a2200241 4500
003 CBULib
005 20241210073406.0
008 241210b |||||||| |||| 00| 0 eng d
020 _a9780415840736
040 _bEnglish
_cCBULib
_erda
041 _aeng
050 _aNA 2542.36 Ler
100 _aLerum, Vidar
245 _aSustainable building design : learning from nineteenth century innovations
_c/ by Vidar Lerum
260 _bRoutledge,
_c2016
_aOxon :
300 _axv, 252 pages : illustrations
336 _2rdacontent
_aText |
_btxt
337 _2rdamedia
_aUnmediated |
_bn
338 _2rdacarrier
_aVolume
_bvz
650 0 _91073
_aSUSTAINABLE ARCHITECTURE
650 0 _94121
_aBUILDINGS - TECHNOLOGICAL INNOVATIONS - HISTORY - 19TH CENTURY
942 _2lcc
_c002
999 _c85835
_d85835